000 00608nam a22001937a 4500
005 20251108165549.0
008 250721s1983 xx 000 0 ara d
082 1 4 _aم/333.803/منظ
245 1 0 _aمصطلحات إقتصاديات الطاقة /
264 1 _aالكويت :
_bالأوابك،
_c1983.
300 _a
500 _aج2 مصطلحات الطاقة
650 1 7 _aالطاقة
650 1 7 _aعلم المعاجم
650 1 7 _aالقواميس
710 2 _aمنظمة الأقطار العربية المصدرة للبترول (أوابك)
942 _2ddc
_cREF
999 _c30858
_d30858